000 00506nam a2200217Ia 4500
008 160901s9999 xx 000 0 und d
020 _a007-125155-3
050 _aComSc QA 76.9
050 _b.D32O67 2004
100 _aOppel, Andy.
245 _aDatabases demystified /
245 _cAndy Oppel.
260 _aNew York :
260 _bMcGraw-Hill.,
260 _c2004
300 _a338 pages :
300 _bill. ;
300 _c23 cm.
500 _aIncludes index.
650 _aDatabases.
999 _c300923
_d300923